00857nam a2200229 a 450000100100000000500170001000800410002702000150006804000250008308200150010824500760012326000720019930000360027149000260030750000380033370000250037170000320039670000330042883000330046195201180049499900150061200000544120200929151659.0090819s1993 sp ac 001 0 spa d a8400057112 aDO-SdBNPbspacBNPHU axxxbB397n00aThe nearest active galaxies /cJohn Beckman, Luis Colina, Hagai Netzer. aMadrid :bConsejo Superior de Investigaciones Científicas,c1993. a296 p. :bil., retrs. ;c24 cm.1 aNuevas tendenciasv22 aIncluye notas al pie de páginas1 aBeckman, John9154561 aColina, Luisecoord.9154571 aNetzer, Hagaiecoord.915458 0aNuevas tendenciasn22915459 001052708MOaGRbGRcCTd2009-08-19iLF1l0oxxx B397np5441-10r2020-06-25w2020-06-25y2ZPréstamo interno c5241d5241